Save Your Tears - The Weeknd (All Lyrics) - Statistics

General Stats
  • This quiz has been taken 459 times
  • The average score is 214 of 256
Answer Stats
Save Your Tears % Correct
Refrain | Verse 1 | Verse 3 I
100%
you
100%
You
100%
a
99%
A
99%
your
98%
Save
96%
so
96%
tears
96%
when
95%
for
94%
another
93%
day
93%
don't
91%
know
91%
me
91%
away
90%
why
90%
cry
89%
i'm
89%
not
89%
run
89%
saw
89%
in
88%
look
88%
make
88%
with
87%
happy
86%
room
86%
dancing
85%
then
85%
to
85%
crowded
83%
But
81%
from
80%
by
79%
eye
79%
single
78%
surprise
77%
that
77%
And
76%
caught
73%
did
72%
falling
72%
heart
72%
teardrop
72%
broke
71%
stay
71%
like
69%
some
69%
didn't
64%
asked
63%
love
63%
Ooh
62%
there
62%
someone
61%
Pre-Chorus Take
61%
take
61%
wanna
61%
apart
60%
care
60%
cause
60%
told
60%
fell
59%
time
59%
back
58%
just
58%
mine
57%
oh
57%
said
57%
Said
57%
second
56%
wasn't
56%
Yeah
55%
never
54%
could've
53%
now
53%
pretended
53%
should
52%
too
52%
won't
52%
made
51%
say
51%
would
51%
better
50%
always
47%
deserve
45%
I'll
45%
late
45%
much
45%
things
45%
think
45%
realize
44%
walked
43%
girl
41%
Pre-Chorus Girl
41%
past
40%
No matching quizzes found
Score Distribution
Percent of People with Each Score
Percentile by Number Answered
Your Score History
You have not taken this quiz